Quizzes
Events
Quiz Creation
Community
Videos
Private Events
Remove Ads
Sign In
Join for FREE
Feedback
Dark Mode
Quiz Categories
Sports
Geography
Music
Movies
Television
Just For Fun
Miscellaneous
History
Literature
Language
Science
Gaming
Entertainment
Religion
Holiday
For Kids
Quiz Lab
Recent
Popular Today
Quiz Kudos Today
Editor Picks
Curator Picks
Quizzes by...
Day
Popularity
Type
Ratings
Length
Year
Community
Subscriptions
Recent Discussions
Orange Saloon
Badges
Playlists
Quests
Create
Leaderboards
Showdown
Live 5
Trivia Bingo
Activity
Puzzle Library
Sporcle Events
Private Events
Virtual Trivia
Globe League
Become a Host
Pub Owners
SporcleCon
Opinionation
Our Games
Videos
Blog
Mobile Apps
Partnerships
Remove Ads and Go Orange
Feedback
Science
Computer
Plants
Astronomy
Chemistry
Elements
Math
Animal
Physics
Anatomy
Biology
Geology
General Science
Science
Computer
Plants
Astronomy
Chemistry
Elements
Math
Animal
Physics
Anatomy
Biology
Geology
General Science
Random Quiz
Search Sporcle
×
Quiz Lab
Quiz Lab
Science
Clickable
Select answers by clicking on text or image buttons
Select answers by clicking on text or image buttons
Clickable
Best Score? Go Orange.
DAY 3 PM BREAST CANCER Stats
Can you pick the DAY 3 PM BREAST CANCER?
By
shawndacruz
7m
20 Questions
25 Plays
25 Plays
25 Plays
Comments
Comments
Give Quiz Kudos
Give Quiz Kudos
-
- Ratings
hide this ad
Forced Order
Answers have to be entered in order
Answers have to be entered in order
Random Order
Randomize order of answers
Randomize order of answers
Replay
Link that replays current quiz
Next Quiz
Link to next quiz in quiz playlist
You Got
0%
They Got
Avg Score
51%
Avg Friend Score
Upgrade to see
Score Distribution
Jump to the score distribution portion of the page
Score
0/20
Timer
07:00
0
Plays Today
% Correct
40
76%
Modify lifestyle-related risk factors, Prophylactic mastectomies, Bilateral oophorectomy, Endocrine therapy
72%
5 years
64%
Improve quality of life, Palliation, Prolong life
64%
Mixed lesions both osteolytic and osteoblastic
64%
MRI
60%
Tamoxifen
56%
CURE
56%
Surgery then ±Chemotherapy then endocrine therapy
52%
Trastuzumab Herceptin
52%
% Correct
Capecitabine
52%
Raloxifene
48%
Surgery then ±Chemotherapy and Herceptin then Endocrine therapy
48%
Surgery then ±Chemotherapy and Herceptin NOOO endocrine therapy
48%
Aromatase Inhibitors
48%
Surgery then ±Chemotherapy NOOO endocrine therapy
44%
Hormone receptor ER
36%
LHRH agonists
36%
ddAC-TH , TCH
32%
ddAC-T, TC
28%
Quiz Playlist
Details
Report
Send in Message
Add To Playlist
Clickable:
Select answers by clicking on text or image buttons
Forced Order:
Answers have to be entered in order
Random Order:
Randomize order of answers
Last Updated: Feb 16, 2017
Quiz Scoreboard
CHALLENGE
Sign Up to Join the Scoreboard
Show All
Scores
Hide
Comments
May contain spoilers
Recently Published
Billboard Blitz: Fleetwood Mac
by CooCooCachoo
Music
15s
Presidents Visiting Landmarks
by Hejman
History
7m
An Introduction to Baseball
by treessimontrees
Sports
5m
More to Explore
Quiz From the Vault
Featured Blog Post
Where Did the Easter Bunny Come From?
hide this ad
You Might Also Like...
Tags
Clickable Quiz
Cancer
Today's Top Quizzes in Science
Browse Science
hide this ad
Today's Top Quizzes in Clickable
Browse Clickable
Top Contributed Quizzes in Science
1
Quick Pick: Radians
2
Quick Pick: 'CI-CJ' Animals
3
Elements In Images
4
Name the Acid, Base or Salt
5
One Thing in Common: Science
6
One Thing in Common: Science III
7
One Thing in Common: Animals
8
Science Jokes
9
One Thing in Common: Science II
10
The First 100 Digits of Pi
Explore More
Trending Topics
NBA
Disney
Anime
Crossword
Kpop
Marvel
Harry Potter
NFL
WWE
The Office
Country
Puzzle
Soccer
Song
Pokémon
hide this ad
More By:
shawndacruz
Quiz
Plays
Rating
Category
Featured
Created
Vitamins and minerals
1,307
2.75
Science
Feb 26, 2015
drug quiz 7
260
1.00
Science
Feb 16, 2015
quiz 8 brand generic
236
2.00
Science
Mar 23, 2015
Jeopardy Oncology
184
1.67
Science
Mar 10, 2015
PHARM QUIZ
181
1.00
Science
Dec 8, 2014
Go to Creator's Profile
Score Distribution
Quiz Creator Spotlight
shawndacruz
Follow
Send a Message
Quizzes Created
-
Created Quiz Play Count
-
More By This Creator
Popular Quizzes Today
1
Find the US States - No Outlines Minefield
2
Find the Countries of Europe - No Outlines Minefield
3
The Countries of the World
4
Find the US States
5
Popular People in 1961
6
US States
7
Risky Map Clicking: Biggest States A-Z
8
Movies - When Are They Set?
More Science Quizzes
Tic-Tac-Trivia: Elements
Published
Trending Quizzes
Risky Map Clicking: Least Populous States A-Z
1-10 Letter G Words
1-10 Letter F Words
Risky Map Clicking: Next State Alphabetically
'A' Boys' Names Grid
Recently Updated
Leaping Animals
pecheneg
Reality TV Shows (A-Z)
bhenderson79
Rickey Henderson's Hall of Fame Teammates
pecheneg
Champions League XIs: Arsenal
pecheneg
Quick Pick: Celebrities in WWE's Hall of Fame
aduchscher
A-Z Keypad Blitz II
pecheneg
Multiple Oscar Actors
pecheneg
Mystery Phrase Blitz: Oscar 'Best Actors'
pecheneg
F. Scott Fitzgerald Novels
LTH
Pick 3 Villains
ddd62291
Trending Topics
Anime
Kpop
Marvel
Harry Potter
Disney
NBA
Crossword
Song
Country
WWE
Pokémon
The Office
Soccer
NFL
Puzzle
Your Account Isn't Verified!
In order to create a playlist on Sporcle, you need to verify the email address you used during registration. Go to your
Sporcle Settings
to finish the process.
Report this User
Report this user for behavior that violates our
Community Guidelines
.
Details:
Send Report
Go to the Sporcle.com Mobile Site →
Comments